| 000 | 00961cam a2200229 4500 | ||
|---|---|---|---|
| 001 | ABS64686 | ||
| 008 | 011105n2001 000 0 eng u | ||
| 035 | _a(Sirsi) u115483 | ||
| 100 | _aVaughan, R. | ||
| 245 | _aMapping the web | ||
| 260 | _c2001 | ||
| 490 |
_aBuilding _v266(8207) 26 October 2001, 60-61(2) |
||
| 520 | _aExamines e-commerce and its relation to the construction industry. Looks at the different types of technology providers and the specific services on offer including, construction project portals and project collaboration extranets. Describes the benefits and disadvantages of electronic collaboration. Includes table of structure and content of construction e-business. | ||
| 590 | _aABS | ||
| 650 | _aE-COMMERCE | ||
| 650 | _aCONSTRUCTION INDUSTRY | ||
| 650 | _aDAVIS LANGDON AND EVEREST | ||
| 650 | _aPROJECT TEAMS | ||
| 650 | _aPROJECT COLLABORATION EXTRANETS | ||
| 690 | _aINFORMATION TECHNOLOGY-INTERNET | ||
| 942 | _n0 | ||
| 999 |
_c68782 _d68782 |
||